[Event "DEM U14w 2021"]
[Site "Willingen GER"]
[Date "2021.08.25"]
[Round "4"]
[White "von Beckh, Frieda"]
[Black "Fischer, Darja"]
[Result "0-1"]
[Termination "normal"]
[Board "5"]
[WhiteElo "1541"]
[BlackElo "1591"]
[WhiteClock "00:19:28"]
[BlackClock "00:28:07"]
[PlyCount "94"]
[WhiteFideId "16233751"]
[BlackFideId "16240898"]
[EventCountry "GER"]
[EventRounds "9"]
[EventType "swiss"]
[EventDate "2021.08.22"]

1. e4 {[%clk 01:30:55]} {[%emt 00:00:04]} d5 {[%clk 01:30:56]} {[%emt
00:00:05]} 2. exd5 {[%clk 01:31:08]} {[%emt 00:00:16]} Qxd5 {[%clk 01:31:18]}
{[%emt 00:00:09]} 3. Nc3 {[%clk 01:31:26]} {[%emt 00:00:10]} Qd6 {[%clk
01:31:32]} {[%emt 00:00:17]} 4. d4 {[%clk 01:31:20]} {[%emt 00:00:35]} Nf6
{[%clk 01:31:14]} {[%emt 00:00:48]} 5. Bc4 {[%clk 01:26:57]} {[%emt 00:04:53]}
g6 {[%clk 01:30:06]} {[%emt 00:01:38]} 6. Nge2 {[%clk 01:22:33]} {[%emt
00:04:53]} Bg7 {[%clk 01:28:35]} {[%emt 00:02:01]} 7. Bf4 {[%clk 01:21:21]}
{[%emt 00:01:41]} Qb6 {[%clk 01:28:04]} {[%emt 00:01:02]} 8. Rb1 {[%clk
01:17:27]} {[%emt 00:04:23]} a6 {[%clk 01:25:14]} {[%emt 00:03:23]} 9. O-O
{[%clk 01:12:25]} {[%emt 00:05:30]} O-O {[%clk 01:23:08]} {[%emt 00:02:37]} 10.
Qd2 {[%clk 01:05:49]} {[%emt 00:07:06]} c5 {[%clk 01:16:11]} {[%emt 00:07:28]}
11. Na4 {[%clk 00:57:06]} {[%emt 00:09:13]} Qc6 {[%clk 01:15:41]} {[%emt
00:01:00]} 12. Qa5 {[%clk 00:56:13]} {[%emt 00:01:23]} b5 {[%clk 01:10:35]}
{[%emt 00:05:37]} 13. d5 {[%clk 00:51:49]} {[%emt 00:04:52]} Nxd5 {[%clk
01:03:21]} {[%emt 00:07:45]} 14. Bxd5 {[%clk 00:49:24]} {[%emt 00:02:53]} Qxd5
{[%clk 01:03:18]} {[%emt 00:00:34]} 15. Nec3 {[%clk 00:34:22]} {[%emt
00:15:31]} Qc6 {[%clk 00:54:33]} {[%emt 00:09:16]} 16. Nb6 {[%clk 00:32:15]}
{[%emt 00:02:37]} Ra7 {[%clk 00:53:30]} {[%emt 00:01:33]} 17. Bxb8 {[%clk
00:32:06]} {[%emt 00:00:38]} Rb7 {[%clk 00:53:02]} {[%emt 00:00:58]} 18. Nxc8
{[%clk 00:30:23]} {[%emt 00:02:13]} e5 {[%clk 00:48:11]} {[%emt 00:05:21]} 19.
Nd6 {[%clk 00:17:39]} {[%emt 00:13:14]} Rbxb8 {[%clk 00:46:12]} {[%emt
00:02:29]} 20. Nde4 {[%clk 00:17:31]} {[%emt 00:00:38]} b4 {[%clk 00:44:47]}
{[%emt 00:01:56]} 21. Qxc5 {[%clk 00:16:57]} {[%emt 00:01:04]} Qxc5 {[%clk
00:40:10]} {[%emt 00:05:07]} 22. Nxc5 {[%clk 00:17:19]} {[%emt 00:00:08]} bxc3
{[%clk 00:40:33]} {[%emt 00:00:07]} 23. Nd7 {[%clk 00:16:43]} {[%emt 00:01:05]}
cxb2 {[%clk 00:40:48]} {[%emt 00:00:16]} 24. Nxb8 {[%clk 00:16:38]} {[%emt
00:00:35]} Rxb8 {[%clk 00:40:58]} {[%emt 00:00:19]} 25. Rfe1 {[%clk 00:16:37]}
{[%emt 00:00:30]} f5 {[%clk 00:39:19]} {[%emt 00:02:10]} 26. f3 {[%clk
00:16:32]} {[%emt 00:00:35]} e4 {[%clk 00:31:51]} {[%emt 00:07:59]} 27. fxe4
{[%clk 00:16:43]} {[%emt 00:00:19]} fxe4 {[%clk 00:32:12]} {[%emt 00:00:10]}
28. Rxe4 {[%clk 00:17:01]} {[%emt 00:00:11]} Rc8 {[%clk 00:31:49]} {[%emt
00:00:55]} 29. c4 {[%clk 00:13:54]} {[%emt 00:03:36]} Rc5 {[%clk 00:29:22]}
{[%emt 00:02:56]} 30. Kf2 {[%clk 00:11:21]} {[%emt 00:03:02]} Ra5 {[%clk
00:27:56]} {[%emt 00:01:57]} 31. Re2 {[%clk 00:10:56]} {[%emt 00:00:55]} Rxa2
{[%clk 00:28:09]} {[%emt 00:00:19]} 32. Kf3 {[%clk 00:10:36]} {[%emt 00:00:48]}
Kf7 {[%clk 00:26:38]} {[%emt 00:02:02]} 33. c5 {[%clk 00:10:07]} {[%emt
00:00:59]} Ra5 {[%clk 00:25:58]} {[%emt 00:01:10]} 34. Rc2 {[%clk 00:09:53]}
{[%emt 00:00:44]} Ke7 {[%clk 00:21:24]} {[%emt 00:05:05]} 35. Ke4 {[%clk
00:07:44]} {[%emt 00:02:37]} Kd7 {[%clk 00:20:17]} {[%emt 00:01:38]} 36. Kd5
{[%clk 00:07:22]} {[%emt 00:00:52]} Ra4 {[%clk 00:18:24]} {[%emt 00:02:23]} 37.
Rd2 {[%clk 00:04:23]} {[%emt 00:03:26]} Rb4 {[%clk 00:15:31]} {[%emt 00:03:25]}
38. c6+ {[%clk 00:03:39]} {[%emt 00:01:13]} Kc7 {[%clk 00:12:45]} {[%emt
00:03:17]} 39. Rc2 {[%clk 00:03:36]} {[%emt 00:00:32]} a5 {[%clk 00:12:09]}
{[%emt 00:01:07]} 40. Rc5 {[%clk 00:00:53]} {[%emt 00:03:12]} a4 {[%clk
00:09:19]} {[%emt 00:03:21]} 41. Ra5 {[%clk 00:30:02]} {[%emt 00:01:20]} Kb6
{[%clk 00:37:40]} {[%emt 00:02:11]} 42. c7 {[%clk 00:25:07]} {[%emt 00:05:25]}
Kxc7 {[%clk 00:35:10]} {[%emt 00:03:00]} 43. Ra7+ {[%clk 00:25:10]} {[%emt
00:00:27]} Kb6 {[%clk 00:32:36]} {[%emt 00:03:04]} 44. Rxg7 {[%clk 00:22:21]}
{[%emt 00:03:18]} a3 {[%clk 00:32:47]} {[%emt 00:00:19]} 45. Re1 {[%clk
00:20:33]} {[%emt 00:02:15]} b1=Q {[%clk 00:27:36]} {[%emt 00:05:43]} 46. Rxb1
{[%clk 00:19:11]} {[%emt 00:01:52]} Rxb1 {[%clk 00:27:46]} {[%emt 00:00:20]}
47. Rg8 {[%clk 00:19:28]} {[%emt 00:00:13]} a2 {[%clk 00:28:07]} {[%emt
00:00:10]} 0-1

[Event "DEM U14w 2021"]
[Site "Willingen GER"]
[Date "2021.08.25"]
[Round "4"]
[White "Prinzen, Siri Marleen"]
[Black "Bräutigam, Katerina"]
[Result "0-1"]
[Termination "normal"]
[Board "6"]
[WhiteElo "1626"]
[BlackElo "1738"]
[WhiteClock "00:00:42"]
[BlackClock "00:00:47"]
[PlyCount "74"]
[WhiteFideId "16265912"]
[BlackFideId "16242980"]
[EventCountry "GER"]
[EventRounds "9"]
[EventType "swiss"]
[EventDate "2021.08.22"]

1. e4 {[%clk 01:30:59]} {[%emt 00:00:01]} c6 {[%clk 01:30:55]} {[%emt
00:00:05]} 2. Nc3 {[%clk 01:31:23]} {[%emt 00:00:05]} d5 {[%clk 01:31:16]}
{[%emt 00:00:10]} 3. Qe2 {[%clk 01:31:48]} {[%emt 00:00:05]} d4 {[%clk
01:29:22]} {[%emt 00:02:24]} 4. Nd1 {[%clk 01:32:08]} {[%emt 00:00:09]} e5
{[%clk 01:28:48]} {[%emt 00:01:04]} 5. d3 {[%clk 01:32:15]} {[%emt 00:00:24]}
f6 {[%clk 01:21:57]} {[%emt 00:07:21]} 6. g3 {[%clk 01:30:27]} {[%emt
00:02:19]} c5 {[%clk 01:14:47]} {[%emt 00:07:40]} 7. f4 {[%clk 01:28:33]}
{[%emt 00:02:24]} Nc6 {[%clk 01:13:10]} {[%emt 00:02:07]} 8. Nf3 {[%clk
01:26:47]} {[%emt 00:02:15]} Bd6 {[%clk 01:08:32]} {[%emt 00:05:08]} 9. Bg2
{[%clk 01:23:20]} {[%emt 00:03:57]} Nge7 {[%clk 00:59:19]} {[%emt 00:10:05]}
10. f5 {[%clk 01:18:04]} {[%emt 00:05:24]} Rb8 {[%clk 00:53:30]} {[%emt
00:06:19]} 11. O-O {[%clk 01:12:58]} {[%emt 00:05:36]} b5 {[%clk 00:50:06]}
{[%emt 00:03:55]} 12. g4 {[%clk 01:06:25]} {[%emt 00:07:02]} h6 {[%clk
00:44:31]} {[%emt 00:06:05]} 13. h4 {[%clk 00:59:19]} {[%emt 00:07:36]} Na5
{[%clk 00:28:03]} {[%emt 00:16:58]} 14. Nf2 {[%clk 00:53:26]} {[%emt 00:06:22]}
c4 {[%clk 00:25:45]} {[%emt 00:02:49]} 15. g5 {[%clk 00:49:17]} {[%emt
00:04:39]} hxg5 {[%clk 00:24:31]} {[%emt 00:01:44]} 16. hxg5 {[%clk 00:49:00]}
{[%emt 00:00:47]} Ba6 {[%clk 00:21:37]} {[%emt 00:03:24]} 17. Ng4 {[%clk
00:42:12]} {[%emt 00:07:19]} Nec6 {[%clk 00:20:19]} {[%emt 00:01:49]} 18. Nfh2
{[%clk 00:38:00]} {[%emt 00:04:41]} Be7 {[%clk 00:14:58]} {[%emt 00:05:52]} 19.
Nf3 {[%clk 00:32:35]} {[%emt 00:05:55]} b4 {[%clk 00:12:36]} {[%emt 00:02:53]}
20. Bd2 {[%clk 00:28:35]} {[%emt 00:04:29]} c3 {[%clk 00:07:08]} {[%emt
00:05:58]} 21. bxc3 {[%clk 00:24:57]} {[%emt 00:04:08]} bxc3 {[%clk 00:07:27]}
{[%emt 00:00:11]} 22. Be1 {[%clk 00:24:07]} {[%emt 00:01:20]} Rb2 {[%clk
00:05:54]} {[%emt 00:02:03]} 23. Nh4 {[%clk 00:07:57]} {[%emt 00:16:41]} Nb4
{[%clk 00:04:42]} {[%emt 00:01:42]} 24. Ng6 {[%clk 00:06:56]} {[%emt 00:01:30]}
Rh7 {[%clk 00:03:35]} {[%emt 00:01:38]} 25. Nh6 {[%clk 00:03:47]} {[%emt
00:03:39]} Bxd3 {[%clk 00:01:04]} {[%emt 00:03:02]} 26. Qh5 {[%clk 00:03:45]}
{[%emt 00:00:31]} Kd7 {[%clk 00:00:43]} {[%emt 00:00:51]} 27. Nxe7 {[%clk
00:01:07]} {[%emt 00:03:08]} Qxe7 {[%clk 00:00:34]} {[%emt 00:00:39]} 28. gxf6
{[%clk 00:00:43]} {[%emt 00:00:54]} Qxf6 {[%clk 00:00:37]} {[%emt 00:00:27]}
29. Qg6 {[%clk 00:00:38]} {[%emt 00:00:36]} Rxh6 {[%clk 00:00:48]} {[%emt
00:00:19]} 30. Qxf6 {[%clk 00:01:03]} {[%emt 00:00:04]} gxf6 {[%clk 00:01:03]}
{[%emt 00:00:14]} 31. cxd3 {[%clk 00:01:08]} {[%emt 00:00:25]} Nxd3 {[%clk
00:01:08]} {[%emt 00:00:25]} 32. Bg3 {[%clk 00:00:37]} {[%emt 00:01:00]} Rh7
{[%clk 00:00:37]} {[%emt 00:01:02]} 33. Rfd1 {[%clk 00:00:36]} {[%emt
00:00:31]} Nc5 {[%clk 00:00:41]} {[%emt 00:00:26]} 34. Rac1 {[%clk 00:00:43]}
{[%emt 00:00:22]} Rg7 {[%clk 00:00:54]} {[%emt 00:00:17]} 35. Rxc3 {[%clk
00:00:39]} {[%emt 00:00:35]} Kc6 {[%clk 00:00:48]} {[%emt 00:00:36]} 36. Ra3
{[%clk 00:00:37]} {[%emt 00:00:32]} Nc4 {[%clk 00:00:56]} {[%emt 00:00:22]} 37.
Rf3 {[%clk 00:00:42]} {[%emt 00:00:25]} Ne3 {[%clk 00:00:47]} {[%emt 00:00:39]}
0-1

[Event "DEM U14w 2021"]
[Site "Willingen GER"]
[Date "2021.08.25"]
[Round "4"]
[White "Reich, Elisabeth"]
[Black "Glowiak, Alexandra"]
[Result "0-1"]
[Termination "normal"]
[Board "7"]
[WhiteElo "1368"]
[BlackElo "1413"]
[WhiteClock "00:45:54"]
[BlackClock "00:04:51"]
[PlyCount "152"]
[WhiteFideId "16239776"]
[BlackFideId "16259530"]
[EventCountry "GER"]
[EventRounds "9"]
[EventType "swiss"]
[EventDate "2021.08.22"]

1. e4 {[%clk 01:30:57]} {[%emt 00:00:03]} e5 {[%clk 01:30:51]} {[%emt
00:00:10]} 2. Nf3 {[%clk 01:31:20]} {[%emt 00:00:06]} Nc6 {[%clk 01:31:13]}
{[%emt 00:00:08]} 3. d4 {[%clk 01:31:38]} {[%emt 00:00:11]} exd4 {[%clk
01:31:37]} {[%emt 00:00:07]} 4. Bc4 {[%clk 01:31:58]} {[%emt 00:00:10]} Nf6
{[%clk 01:31:39]} {[%emt 00:00:29]} 5. O-O {[%clk 01:32:16]} {[%emt 00:00:11]}
d6 {[%clk 01:23:12]} {[%emt 00:08:56]} 6. c3 {[%clk 01:30:10]} {[%emt
00:02:37]} dxc3 {[%clk 01:22:40]} {[%emt 00:01:01]} 7. Nxc3 {[%clk 01:30:18]}
{[%emt 00:00:23]} Be7 {[%clk 01:21:19]} {[%emt 00:01:51]} 8. h3 {[%clk
01:28:10]} {[%emt 00:02:38]} O-O {[%clk 01:20:39]} {[%emt 00:01:10]} 9. Qc2
{[%clk 01:27:20]} {[%emt 00:01:20]} Be6 {[%clk 01:09:52]} {[%emt 00:11:17]} 10.
Bxe6 {[%clk 01:23:20]} {[%emt 00:04:29]} fxe6 {[%clk 01:10:13]} {[%emt
00:00:10]} 11. Qb3 {[%clk 01:19:17]} {[%emt 00:04:31]} Qc8 {[%clk 01:09:08]}
{[%emt 00:01:38]} 12. Ng5 {[%clk 01:16:53]} {[%emt 00:02:55]} Nd8 {[%clk
01:04:51]} {[%emt 00:04:45]} 13. Re1 {[%clk 01:15:04]} {[%emt 00:02:17]} h6
{[%clk 01:03:45]} {[%emt 00:01:38]} 14. Nf3 {[%clk 01:13:48]} {[%emt 00:01:46]}
Nd7 {[%clk 01:00:53]} {[%emt 00:03:22]} 15. Be3 {[%clk 01:10:22]} {[%emt
00:03:55]} Nb6 {[%clk 00:57:37]} {[%emt 00:03:47]} 16. Rac1 {[%clk 01:06:45]}
{[%emt 00:04:05]} c5 {[%clk 00:46:00]} {[%emt 00:12:09]} 17. Nb5 {[%clk
00:58:11]} {[%emt 00:09:03]} d5 {[%clk 00:35:09]} {[%emt 00:11:22]} 18. exd5
{[%clk 00:53:43]} {[%emt 00:04:58]} Nxd5 {[%clk 00:30:40]} {[%emt 00:04:58]}
19. Nbd4 {[%clk 00:48:16]} {[%emt 00:05:57]} Bf6 {[%clk 00:26:31]} {[%emt
00:04:39]} 20. Nf5 {[%clk 00:33:27]} {[%emt 00:15:14]} Nxe3 {[%clk 00:22:00]}
{[%emt 00:05:07]} 21. Nxe3 {[%clk 00:29:56]} {[%emt 00:04:00]} Kh8 {[%clk
00:20:10]} {[%emt 00:02:21]} 22. Qb5 {[%clk 00:28:03]} {[%emt 00:02:21]} b6
{[%clk 00:18:40]} {[%emt 00:02:03]} 23. Ng4 {[%clk 00:25:06]} {[%emt 00:03:25]}
Nc6 {[%clk 00:15:23]} {[%emt 00:03:49]} 24. Nge5 {[%clk 00:23:55]} {[%emt
00:01:41]} Nxe5 {[%clk 00:14:15]} {[%emt 00:01:39]} 25. Nxe5 {[%clk 00:24:16]}
{[%emt 00:00:07]} Bxe5 {[%clk 00:14:30]} {[%emt 00:00:15]} 26. Rxe5 {[%clk
00:24:42]} {[%emt 00:00:06]} Qe8 {[%clk 00:13:17]} {[%emt 00:01:42]} 27. Qc4
{[%clk 00:24:20]} {[%emt 00:00:46]} Rf6 {[%clk 00:13:00]} {[%emt 00:00:53]} 28.
Rce1 {[%clk 00:24:07]} {[%emt 00:00:41]} Rd8 {[%clk 00:12:22]} {[%emt
00:01:10]} 29. Rxe6 {[%clk 00:23:28]} {[%emt 00:01:08]} Rxe6 {[%clk 00:11:15]}
{[%emt 00:01:38]} 30. Rxe6 {[%clk 00:23:26]} {[%emt 00:00:31]} Rd1+ {[%clk
00:09:00]} {[%emt 00:02:46]} 31. Kh2 {[%clk 00:23:28]} {[%emt 00:00:27]} Qb8+
{[%clk 00:09:12]} {[%emt 00:00:19]} 32. g3 {[%clk 00:22:54]} {[%emt 00:01:03]}
Qa8 {[%clk 00:07:30]} {[%emt 00:02:12]} 33. Re4 {[%clk 00:22:43]} {[%emt
00:00:41]} Rd2 {[%clk 00:06:50]} {[%emt 00:01:12]} 34. Re2 {[%clk 00:22:55]}
{[%emt 00:00:10]} Qd8 {[%clk 00:04:35]} {[%emt 00:02:52]} 35. Qb5 {[%clk
00:22:28]} {[%emt 00:00:55]} Rxe2 {[%clk 00:02:45]} {[%emt 00:02:24]} 36. Qxe2
{[%clk 00:22:53]} {[%emt 00:00:03]} Qd4 {[%clk 00:02:42]} {[%emt 00:00:34]} 37.
Qc2 {[%clk 00:22:45]} {[%emt 00:00:30]} c4 {[%clk 00:02:39]} {[%emt 00:00:41]}
38. Kg2 {[%clk 00:22:50]} {[%emt 00:00:18]} Kg8 {[%clk 00:02:03]} {[%emt
00:01:13]} 39. a3 {[%clk 00:22:12]} {[%emt 00:01:08]} b5 {[%clk 00:02:12]}
{[%emt 00:00:20]} 40. Qc3 {[%clk 00:21:25]} {[%emt 00:01:18]} Qe4+ {[%clk
00:01:04]} {[%emt 00:01:38]} 41. Qf3 {[%clk 00:21:06]} {[%emt 00:00:46]} Qe5
{[%clk 00:24:03]} {[%emt 00:07:32]} 42. Qc3 {[%clk 00:50:58]} {[%emt 00:00:38]}
Qc7 {[%clk 00:22:19]} {[%emt 00:02:14]} 43. Qb4 {[%clk 00:50:13]} {[%emt
00:01:10]} Qc6+ {[%clk 00:20:43]} {[%emt 00:02:12]} 44. Kg1 {[%clk 00:50:04]}
{[%emt 00:00:31]} Kf7 {[%clk 00:19:20]} {[%emt 00:02:01]} 45. Qa5 {[%clk
00:49:06]} {[%emt 00:01:28]} a6 {[%clk 00:19:18]} {[%emt 00:00:32]} 46. Qd2
{[%clk 00:49:16]} {[%emt 00:00:18]} Qb6 {[%clk 00:15:21]} {[%emt 00:04:29]} 47.
Qf4+ {[%clk 00:48:41]} {[%emt 00:01:05]} Qf6 {[%clk 00:12:43]} {[%emt
00:03:08]} 48. Qd2 {[%clk 00:48:40]} {[%emt 00:00:28]} Qf5 {[%clk 00:10:27]}
{[%emt 00:02:49]} 49. h4 {[%clk 00:48:00]} {[%emt 00:01:09]} Ke6 {[%clk
00:10:06]} {[%emt 00:00:52]} 50. Kf1 {[%clk 00:47:48]} {[%emt 00:00:35]} Qd3+
{[%clk 00:07:02]} {[%emt 00:03:40]} 51. Qe2+ {[%clk 00:47:20]} {[%emt
00:00:57]} Kf5 {[%clk 00:05:19]} {[%emt 00:02:15]} 52. Qxd3+ {[%clk 00:47:03]}
{[%emt 00:00:47]} cxd3 {[%clk 00:05:47]} {[%emt 00:00:01]} 53. f3 {[%clk
00:47:11]} {[%emt 00:00:22]} Ke5 {[%clk 00:05:49]} {[%emt 00:00:29]} 54. Ke1
{[%clk 00:47:23]} {[%emt 00:00:17]} Kd4 {[%clk 00:06:13]} {[%emt 00:00:07]} 55.
Kd2 {[%clk 00:47:43]} {[%emt 00:00:09]} Kc4 {[%clk 00:05:21]} {[%emt 00:01:23]}
56. g4 {[%clk 00:45:17]} {[%emt 00:02:56]} Kd4 {[%clk 00:02:54]} {[%emt
00:02:57]} 57. g5 {[%clk 00:45:20]} {[%emt 00:00:26]} hxg5 {[%clk 00:01:51]}
{[%emt 00:01:35]} 58. hxg5 {[%clk 00:45:44]} {[%emt 00:00:05]} g6 {[%clk
00:02:19]} {[%emt 00:00:03]} 59. b3 {[%clk 00:44:41]} {[%emt 00:01:33]} a5
{[%clk 00:02:43]} {[%emt 00:00:06]} 60. a4 {[%clk 00:44:23]} {[%emt 00:00:49]}
b4 {[%clk 00:02:33]} {[%emt 00:00:39]} 61. f4 {[%clk 00:44:28]} {[%emt
00:00:23]} Ke4 {[%clk 00:02:58]} {[%emt 00:00:06]} 62. f5 {[%clk 00:43:48]}
{[%emt 00:01:10]} Kxf5 {[%clk 00:03:16]} {[%emt 00:00:12]} 63. Kxd3 {[%clk
00:44:13]} {[%emt 00:00:06]} Kxg5 {[%clk 00:03:37]} {[%emt 00:00:09]} 64. Kc4
{[%clk 00:44:34]} {[%emt 00:00:09]} Kf4 {[%clk 00:03:56]} {[%emt 00:00:11]} 65.
Kb5 {[%clk 00:44:51]} {[%emt 00:00:14]} g5 {[%clk 00:04:19]} {[%emt 00:00:06]}
66. Kxa5 {[%clk 00:45:11]} {[%emt 00:00:11]} g4 {[%clk 00:04:39]} {[%emt
00:00:10]} 67. Kxb4 {[%clk 00:45:32]} {[%emt 00:00:08]} g3 {[%clk 00:04:57]}
{[%emt 00:00:12]} 68. a5 {[%clk 00:45:54]} {[%emt 00:00:08]} g2 {[%clk
00:05:21]} {[%emt 00:00:06]} 69. Kb5 {[%clk 00:46:14]} {[%emt 00:00:11]} g1=Q
{[%clk 00:05:38]} {[%emt 00:00:12]} 70. b4 {[%clk 00:46:33]} {[%emt 00:00:12]}
Ke5 {[%clk 00:05:18]} {[%emt 00:00:50]} 71. Ka6 {[%clk 00:46:25]} {[%emt
00:00:37]} Qg7 {[%clk 00:03:41]} {[%emt 00:02:08]} 72. Kb6 {[%clk 00:45:54]}
{[%emt 00:01:01]} Kd6 {[%clk 00:03:50]} {[%emt 00:00:21]} 73. b5 {[%clk
00:44:52]} {[%emt 00:01:33]} Qc7+ {[%clk 00:03:52]} {[%emt 00:00:27]} 74. Ka6
{[%clk 00:45:17]} {[%emt 00:00:04]} Qb8 {[%clk 00:04:05]} {[%emt 00:00:16]} 75.
b6 {[%clk 00:45:36]} {[%emt 00:00:12]} Kc6 {[%clk 00:04:29]} {[%emt 00:00:07]}
76. b7 {[%clk 00:45:54]} {[%emt 00:00:12]} Qxb7# {[%clk 00:04:51]} {[%emt
00:00:06]} 0-1

[Event "DEM U14w 2021"]
[Site "Willingen GER"]
[Date "2021.08.25"]
[Round "4"]
[White "Luzgina, Anastasija"]
[Black "Ulrich, Helena Irene"]
[Result "0-1"]
[Termination "normal"]
[Board "8"]
[WhiteElo "1548"]
[BlackElo "1540"]
[WhiteClock "00:39:29"]
[BlackClock "00:07:57"]
[PlyCount "64"]
[WhiteFideId "24280860"]
[BlackFideId "16256000"]
[EventCountry "GER"]
[EventRounds "9"]
[EventType "swiss"]
[EventDate "2021.08.22"]

1. d4 {[%clk 01:30:56]} {[%emt 00:00:02]} Nf6 {[%clk 01:30:54]} {[%emt
00:00:08]} 2. Nc3 {[%clk 01:31:03]} {[%emt 00:00:21]} g6 {[%clk 01:30:51]}
{[%emt 00:00:36]} 3. Bf4 {[%clk 01:30:20]} {[%emt 00:01:10]} Bg7 {[%clk
01:30:31]} {[%emt 00:00:52]} 4. Qd2 {[%clk 01:29:57]} {[%emt 00:00:51]} d6
{[%clk 01:28:06]} {[%emt 00:02:58]} 5. Bh6 {[%clk 01:29:00]} {[%emt 00:01:21]}
O-O {[%clk 01:27:46]} {[%emt 00:00:55]} 6. Bxg7 {[%clk 01:28:04]} {[%emt
00:01:25]} Kxg7 {[%clk 01:28:12]} {[%emt 00:00:05]} 7. O-O-O {[%clk 01:28:07]}
{[%emt 00:00:26]} Nbd7 {[%clk 01:24:49]} {[%emt 00:03:53]} 8. f3 {[%clk
01:25:42]} {[%emt 00:02:54]} c5 {[%clk 01:16:04]} {[%emt 00:09:18]} 9. e4
{[%clk 01:23:16]} {[%emt 00:02:55]} cxd4 {[%clk 01:07:50]} {[%emt 00:08:44]}
10. Qxd4 {[%clk 01:23:24]} {[%emt 00:00:21]} Kg8 {[%clk 01:07:18]} {[%emt
00:01:03]} 11. g4 {[%clk 01:23:11]} {[%emt 00:00:42]} Ne5 {[%clk 00:53:45]}
{[%emt 00:14:05]} 12. Be2 {[%clk 01:19:45]} {[%emt 00:03:55]} a6 {[%clk
00:48:12]} {[%emt 00:06:05]} 13. h4 {[%clk 01:19:56]} {[%emt 00:00:17]} b5
{[%clk 00:43:55]} {[%emt 00:04:48]} 14. h5 {[%clk 01:19:15]} {[%emt 00:01:10]}
Nc6 {[%clk 00:41:48]} {[%emt 00:02:37]} 15. Qd2 {[%clk 01:19:22]} {[%emt
00:00:19]} Qa5 {[%clk 00:33:44]} {[%emt 00:08:39]} 16. hxg6 {[%clk 01:19:02]}
{[%emt 00:00:51]} fxg6 {[%clk 00:33:43]} {[%emt 00:00:30]} 17. Qh6 {[%clk
01:18:33]} {[%emt 00:00:58]} Rf7 {[%clk 00:31:50]} {[%emt 00:02:23]} 18. g5
{[%clk 01:18:06]} {[%emt 00:00:56]} Nh5 {[%clk 00:29:46]} {[%emt 00:02:35]} 19.
Nh3 {[%clk 01:15:42]} {[%emt 00:02:53]} Bxh3 {[%clk 00:27:52]} {[%emt
00:02:26]} 20. Rxh3 {[%clk 01:16:05]} {[%emt 00:00:06]} Nf4 {[%clk 00:28:07]}
{[%emt 00:00:16]} 21. Rh2 {[%clk 01:15:06]} {[%emt 00:01:27]} Nxe2+ {[%clk
00:26:25]} {[%emt 00:02:14]} 22. Nxe2 {[%clk 01:13:54]} {[%emt 00:01:42]} Qxa2
{[%clk 00:24:13]} {[%emt 00:02:42]} 23. Nc3 {[%clk 01:14:15]} {[%emt 00:00:08]}
Qc4 {[%clk 00:15:44]} {[%emt 00:08:59]} 24. f4 {[%clk 01:14:15]} {[%emt
00:00:31]} b4 {[%clk 00:13:01]} {[%emt 00:03:14]} 25. Nd5 {[%clk 01:09:28]}
{[%emt 00:05:16]} Qxe4 {[%clk 00:11:18]} {[%emt 00:02:13]} 26. Rdd2 {[%clk
01:00:47]} {[%emt 00:09:10]} Nd4 {[%clk 00:09:46]} {[%emt 00:02:03]} 27. Nb6
{[%clk 00:48:10]} {[%emt 00:13:07]} Rb8 {[%clk 00:08:15]} {[%emt 00:02:00]} 28.
Nd7 {[%clk 00:47:05]} {[%emt 00:01:36]} Rc8 {[%clk 00:08:05]} {[%emt 00:00:41]}
29. Kd1 {[%clk 00:42:16]} {[%emt 00:05:17]} b3 {[%clk 00:07:24]} {[%emt
00:01:13]} 30. Rh1 {[%clk 00:39:21]} {[%emt 00:03:23]} bxc2+ {[%clk 00:07:32]}
{[%emt 00:00:23]} 31. Rxc2 {[%clk 00:39:05]} {[%emt 00:00:47]} Qxc2+ {[%clk
00:07:57]} {[%emt 00:00:03]} 32. Ke1 {[%clk 00:39:29]} {[%emt 00:00:07]} Qe2#
{[%emt 00:00:05]} 0-1